| 000 | 00979 a2200265 4500 | ||
|---|---|---|---|
| 005 | 20251022124625.0 | ||
| 008 | 251022b |||||||| |||| 00| 0 eng d | ||
| 020 | _a9781041115823 (hbk) | ||
| 037 | _cTB | ||
| 040 |
_aCRL _cCRL |
||
| 041 |
_2eng _aeng _hsan |
||
| 084 |
_aO15,1A2:g(Y15) 111R5 _qCRL |
||
| 100 |
_aSinha, Seema _9821761 |
||
| 245 |
_aAlternative reading of the other in the Mahabharata: _bcelebrating the marginal |
||
| 260 |
_aLondon, UK; _aNew York, USA: _bRoutledge, _c2025. |
||
| 300 | _aix, 190p. | ||
| 546 | _aTranslated from Sanskrit to English | ||
| 650 |
_aLiterature _9849201 |
||
| 650 |
_aMahabharat _9849202 |
||
| 650 |
_aWomen _9849203 |
||
| 650 |
_aSociology _9849204 |
||
| 700 |
_aBhattacharya, Kumar Sankar _eauthor. _9849205 |
||
| 942 |
_cTB _2CC _n0 _hO15,1A2:g(Y15) 111R5 |
||
| 999 |
_c1435668 _d1435668 |
||